[Event "ICS rated blitz match"]
[Site "204.178.125.65"]
[Date "1999.10.30"]
[Round "?"]
[White "Hossa"]
[Black "salzi"]
[Result "1-0"]
[WhiteElo "2447"]
[BlackElo "2169"]
[PlyCount "61"]
[EventDate "1999.??.??"]

1. e4 c5 2. Nc3 Nc6 3. g3 d6 4. Bg2 e5 5. Nge2 Nf6 6. O-O Be7 7. f4 a6 8. fxe5
dxe5 9. Nd5 Nxd5 10. exd5 Nd4 11. c3 Nb5 12. c4 Nd4 13. Nxd4 exd4 14. b4 O-O
15. bxc5 Bxc5 16. a4 a5 17. Rb1 b6 18. d3 Rb8 19. Qh5 Bd7 20. Bg5 Qc8 21. Bf4
Rb7 22. d6 Ra7 23. Be4 g6 24. Qh6 f5 25. Bg2 Be6 26. Rb5 Qd7 27. Be5 Re8 28.
Qf4 Qf7 29. Bxd4 Bd7 30. Bxc5 Bxb5 31. Bd5 {salzi resigns} 1-0

[Event "ICS Rated blitz match"]
[Site "204.178.125.65"]
[Date "1999.10.30"]
[Round "?"]
[White "Erikasparov"]
[Black "Hossa"]
[Result "1-0"]
[WhiteElo "2323"]
[BlackElo "2452"]
[PlyCount "86"]
[EventDate "1999.??.??"]

1. e4 d5 2. exd5 Qxd5 3. Nc3 Qa5 4. d4 c6 5. Nf3 Bf5 6. Bc4 Nf6 7. O-O e6 8.
Re1 Bd6 9. Bd2 Qb6 10. Na4 Qc7 11. Nc5 O-O 12. Bg5 Nbd7 13. Nxd7 Nxd7 14. Qe2
c5 15. dxc5 Nxc5 16. Rad1 Na4 17. Bb3 Nxb2 18. Rb1 Bg4 19. Rxb2 Bxh2+ 20. Kh1
h6 21. Be3 Be5 22. Rbb1 Bc3 23. Red1 Qc6 24. Bc4 Bxf3 25. gxf3 Qc7 26. Qd3 Be5
27. Qe4 Rfb8 28. Rb5 Bf6 29. Bf4 Qe7 30. Bd3 g6 31. Bxb8 Rxb8 32. Qf4 e5 33.
Qxh6 Bg5 34. Qh3 a6 35. Rb6 Rd8 36. Rdb1 Rd4 37. Qc8+ Rd8 38. Qxb7 Qe8 39. Rxa6
Rd4 40. Ra7 Bf6 41. Rb4 Kg7 42. Rxd4 exd4 43. Bc4 43... Kh6 {Hossa resigns} 1-0

[Event "ICS rated blitz match"]
[Site "204.178.125.65"]
[Date "1999.10.30"]
[Round "?"]
[White "Hossa"]
[Black "motorhome"]
[Result "1-0"]
[WhiteElo "2430"]
[BlackElo "2130"]
[PlyCount "28"]
[EventDate "1999.??.??"]

1. e4 e6 2. d4 d5 3. Nd2 c5 4. exd5 exd5 5. Ngf3 Nc6 6. Bb5 Nf6 7. O-O Be7 8.
dxc5 O-O 9. Nb3 Ne4 10. Be3 Bg4 11. Re1 Ne5 12. Be2 Nxf3+ 13. gxf3 Bh3 14. fxe4
14... Bg5 {motorhome resigns} 1-0

[Event "ICS rated blitz match"]
[Site "204.178.125.65"]
[Date "1999.10.30"]
[Round "?"]
[White "motorhome"]
[Black "Hossa"]
[Result "1-0"]
[WhiteElo "2125"]
[BlackElo "2435"]
[PlyCount "45"]
[EventDate "1999.??.??"]

1. e4 d5 2. Nc3 d4 3. Nce2 Nc6 4. Nf3 e5 5. Ng3 Nf6 6. Bc4 Bc5 7. d3 Bb4+ 8.
Bd2 Bxd2+ 9. Qxd2 O-O 10. O-O-O Rb8 11. Nf5 Bxf5 12. exf5 Qd7 13. Nh4 b5 14.
Bb3 a5 15. g4 a4 16. g5 axb3 17. gxf6 bxa2 18. Qg5 a1=Q+ 19. Kd2 g6 20. Qh6
Qa5+ 21. Ke2 Qd2+ 22. Rxd2 gxf5 23. Qg7# {Hossa checkmated} 1-0

[Event "ICS rated blitz match"]
[Site "204.178.125.65"]
[Date "1999.10.30"]
[Round "?"]
[White "Hossa"]
[Black "cipolletti"]
[Result "1-0"]
[WhiteElo "2408"]
[BlackElo "2233"]
[PlyCount "67"]
[EventDate "1999.??.??"]

1. e4 c6 2. d4 d5 3. exd5 cxd5 4. c4 Nf6 5. Nc3 e6 6. Nf3 Bb4 7. a3 Bxc3+ 8.
bxc3 dxc4 9. Bxc4 Qc7 10. Qd3 O-O 11. Bg5 Nbd7 12. O-O h6 13. Bh4 b6 14. Bg3
Qd8 15. Bd6 Re8 16. Rfe1 Bb7 17. Nd2 Rc8 18. Rab1 Nd5 19. Rb3 N7f6 20. Bg3 Qd7
21. Bb5 Bc6 22. Bxc6 Qxc6 23. c4 Ne7 24. Bh4 Nd7 25. Bxe7 Rxe7 26. Rb5 Nf6 27.
Rbe5 Rd7 28. R1e2 Rcd8 29. Nf3 Rc8 30. Rc2 a6 31. Re1 b5 32. Ne5 bxc4 33. Rxc4
Qb7 34. Rxc8+ {cipolletti resigns} 1-0

[Event "ICS rated blitz match"]
[Site "204.178.125.65"]
[Date "1999.10.30"]
[Round "?"]
[White "SSM"]
[Black "Hossa"]
[Result "0-1"]
[WhiteElo "2217"]
[BlackElo "2417"]
[PlyCount "102"]
[EventDate "1999.??.??"]

1. e4 c6 2. Nc3 d6 3. Nf3 e5 4. d4 Nd7 5. dxe5 dxe5 6. Bc4 Bc5 7. O-O Ngf6 8.
Bg5 b5 9. Bb3 O-O 10. Qe2 a5 11. a3 Ba6 12. Rfd1 b4 13. Bc4 Bxc4 14. Qxc4 bxc3
15. Bxf6 gxf6 16. b4 axb4 17. axb4 Rxa1 18. Rxa1 Be7 19. Qxc6 Bxb4 20. Rd1 Nb8
21. Qd5 Nc6 22. Rd3 Qa8 23. h4 Rd8 24. Qc4 Qa1+ 25. Kh2 Rxd3 26. Qxd3 Qa8 27.
h5 Qe8 28. Nh4 Nd4 29. Qg3+ Kh8 30. h6 Qf8 31. Qe3 Nxc2 32. Qc1 Ne1 33. Qxe1
Qxh6 34. g3 c2 35. Qxb4 c1=Q 36. Qb8+ Kg7 37. Kg2 Qxh4 38. gxh4 Qf4 39. f3 Qxh4
40. Qc8 h5 41. Qc4 Qe1 42. Qd3 h4 43. Qf1 h3+ 44. Kg1 h2+ 45. Kg2 Qxf1+ 46.
Kxh2 Qxf3 47. Kg1 f5 48. Kh2 Qf2+ 49. Kh3 f4 50. Kg4 Kg6 51. Kh3 51... Qg3# {
SSM checkmated} 0-1

[Event "ICS rated blitz match"]
[Site "204.178.125.65"]
[Date "1999.10.30"]
[Round "?"]
[White "Hossa"]
[Black "SSM"]
[Result "1-0"]
[WhiteElo "2425"]
[BlackElo "2209"]
[PlyCount "68"]
[EventDate "1999.??.??"]

1. e4 e5 2. Nf3 Nf6 3. Nxe5 d6 4. Nf3 Nxe4 5. d4 d5 6. Bd3 Bd6 7. O-O O-O 8. c4
c6 9. cxd5 cxd5 10. Nc3 Nxc3 11. bxc3 Bg4 12. Re1 Nd7 13. Rb1 b6 14. Rb5 Nf6
15. Bg5 Be7 16. Qc2 h6 17. Ne5 Bd7 18. Bxf6 Bxf6 19. Rxd5 Bxe5 20. Rexe5 Re8
21. Bh7+ Kh8 22. Bf5 Rxe5 23. dxe5 Bxf5 24. Rxd8+ Rxd8 25. Qe2 Bd3 26. Qd1 Rd7
27. Qg4 Bf5 28. Qe2 Bd3 29. e6 fxe6 30. Qxe6 Bf5 31. Qe8+ Kh7 32. g4 Rd1+ 33.
Kg2 Bg6 34. Qa4 34... a5 {SSM resigns} 1-0

[Event "ICS rated blitz match"]
[Site "204.178.125.65"]
[Date "1999.10.30"]
[Round "?"]
[White "kelebek"]
[Black "Hossa"]
[Result "0-1"]
[WhiteElo "2104"]
[BlackElo "2432"]
[PlyCount "54"]
[EventDate "1999.??.??"]

1. e4 c6 2. Nf3 d5 3. exd5 cxd5 4. d4 Nc6 5. c3 Bg4 6. Bb5 e6 7. Qa4 Bxf3 8.
Bxc6+ bxc6 9. Qxc6+ Ke7 10. gxf3 Rc8 11. Qa6 Qd7 12. b3 Kf6 13. Bf4 Rd8 14.
Be5+ Ke7 15. Nd2 f6 16. Bg3 Kf7 17. f4 Rc8 18. Qd3 Ba3 19. Rb1 Qc6 20. c4 dxc4
21. Nxc4 Qxh1+ 22. Ke2 Qd5 23. Nxa3 Ne7 24. Nc4 Nf5 25. Rd1 Rhd8 26. Ne3 Nxd4+
27. Kf1 27... Qh1# {kelebek checkmated} 0-1

[Event "ICS rated blitz match"]
[Site "204.178.125.65"]
[Date "1999.10.30"]
[Round "?"]
[White "Hossa"]
[Black "kelebek"]
[Result "1-0"]
[WhiteElo "2436"]
[BlackElo "2100"]
[PlyCount "37"]
[EventDate "1999.??.??"]

1. e4 e5 2. Nf3 Nc6 3. Bb5 d6 4. d4 Bd7 5. O-O exd4 6. Nxd4 Nxd4 7. Bxd7+ Qxd7
8. Qxd4 Nf6 9. Nc3 Be7 10. Rd1 O-O 11. e5 Ne8 12. Bf4 Qf5 13. Nd5 Bd8 14. Qb4
Rb8 15. exd6 cxd6 16. Bxd6 Nxd6 17. Qxd6 Bg5 18. f4 Rbd8 19. fxg5 {
kelebek resigns} 1-0

[Event "ICS rated blitz match"]
[Site "204.178.125.65"]
[Date "1999.10.30"]
[Round "?"]
[White "kelebek"]
[Black "Hossa"]
[Result "1-0"]
[WhiteElo "2096"]
[BlackElo "2440"]
[PlyCount "45"]
[EventDate "1999.??.??"]

1. e4 c6 2. Nf3 d5 3. exd5 cxd5 4. d4 Nc6 5. c3 Bg4 6. Bb5 e6 7. Qa4 Bxf3 8.
Bxc6+ bxc6 9. Qxc6+ Ke7 10. gxf3 Rc8 11. Qa6 Qd7 12. b3 Kf6 13. h4 h6 14. Bg5+
Kg6 15. Qd3+ Kh5 16. f4 f6 17. Nd2 fxg5 18. hxg5+ Kg4 19. Rg1+ Kh5 20. Rh1+ Kg4
21. Ke2 h5 22. Rag1+ Kxf4 23. Rh4# {Hossa checkmated} 1-0

[Event "ICS rated blitz match"]
[Site "204.178.125.65"]
[Date "1999.10.30"]
[Round "?"]
[White "Hossa"]
[Black "SSM"]
[Result "1-0"]
[WhiteElo "2412"]
[BlackElo "2225"]
[PlyCount "79"]
[EventDate "1999.??.??"]

1. e4 e5 2. Nf3 Nf6 3. Nxe5 d6 4. Nf3 Nxe4 5. d4 d5 6. Bd3 Bd6 7. O-O O-O 8. c4
c6 9. cxd5 cxd5 10. Nc3 Bg4 11. Nxe4 dxe4 12. Bxe4 Nc6 13. Be3 Re8 14. Qd3 h6
15. Rae1 Qc7 16. h3 Be6 17. d5 Nb4 18. Qd4 Bd7 19. a3 Na6 20. b4 Rxe4 21. Qxe4
Bb5 22. Rc1 Qd7 23. Rfd1 Nc7 24. Qg4 Qxg4 25. hxg4 Bd7 26. Bc5 Ne8 27. Bxd6
Nxd6 28. Ne5 Be8 29. Rc7 f6 30. Nd3 b6 31. Re1 Bf7 32. Ree7 Rf8 33. a4 Ne8 34.
Rcd7 Bg6 35. Nf4 Bf7 36. Ne6 Bxe6 37. dxe6 a5 38. bxa5 bxa5 39. Rd8 Nd6 40.
Rxd6 {SSM resigns} 1-0

[Event "ICS rated blitz match"]
[Site "204.178.125.65"]
[Date "1999.10.30"]
[Round "?"]
[White "BugChess"]
[Black "Hossa"]
[Result "1-0"]
[WhiteElo "2290"]
[BlackElo "2420"]
[PlyCount "41"]
[EventDate "1999.??.??"]

1. e4 Nf6 2. Nc3 d5 3. exd5 Nxd5 4. Bc4 Nb6 5. Bb3 Nc6 6. Nf3 e5 7. d3 Bg4 8.
h3 Bh5 9. Nxe5 Bxd1 10. Bxf7+ Ke7 11. Bg5+ Kd6 12. Ne4+ Kxe5 13. f4+ Kd4 14.
Rxd1 Qxg5 15. c3+ Ke3 16. fxg5 g6 17. O-O Ne5 18. Ng3 Bb4 19. Rf2 Bxc3 20. bxc3
Nxf7 21. Nf1# {Hossa checkmated} 1-0

[Event "ICS rated blitz match"]
[Site "204.178.125.65"]
[Date "1999.10.30"]
[Round "?"]
[White "MissSilicon"]
[Black "Hossa"]
[Result "1-0"]
[WhiteElo "2726"]
[BlackElo "2398"]
[PlyCount "65"]
[EventDate "1999.??.??"]

1. d4 d5 2. c4 dxc4 3. Nf3 Nf6 4. e3 e6 5. Bxc4 a6 6. O-O c5 7. a4 Nc6 8. Nc3
Be7 9. dxc5 O-O 10. e4 Bxc5 11. Bf4 Nd4 12. Rc1 Re8 13. e5 Nxf3+ 14. Qxf3 Nd7
15. Rfd1 Bb4 16. b3 Rb8 17. Qg3 Kh8 18. Bd3 Qa5 19. Ne4 Rf8 20. Qh4 Ra8 21. Nc5
g6 22. Nxd7 f5 23. Nxf8 Bxf8 24. Bxf5 exf5 25. Rd8 g5 26. Rxf8+ Kg7 27. Rf7+
Kxf7 28. Qxh7+ Kf8 29. e6 Qe1+ 30. Rxe1 Ke8 31. Qg8+ Ke7 32. Qf7+ Kd8 33. Bxg5#
{Hossa checkmated} 1-0

[Event "ICS rated blitz match"]
[Site "204.178.125.65"]
[Date "1999.10.30"]
[Round "?"]
[White "Hossa"]
[Black "tictacs"]
[Result "1-0"]
[WhiteElo "2394"]
[BlackElo "1636"]
[PlyCount "41"]
[EventDate "1999.??.??"]

1. d4 d5 2. c4 c6 3. Nf3 Nf6 4. Nc3 e6 5. Bg5 dxc4 6. e4 b5 7. e5 h6 8. Bh4 g5
9. Nxg5 hxg5 10. Bxg5 Nbd7 11. exf6 Qa5 12. a4 b4 13. Ne4 Bb7 14. Bxc4 c5 15.
d5 exd5 16. Bxd5 Bxd5 17. Qxd5 O-O-O 18. Qxf7 Qa6 19. Qd5 Kb8 20. Bf4+ Kc8 21.
Qa8+ {tictacs resigns} 1-0

[Event "ICS rated bullet match"]
[Site "204.178.125.65"]
[Date "1999.10.30"]
[Round "?"]
[White "strooier"]
[Black "Hossa"]
[Result "0-1"]
[WhiteElo "1408"]
[BlackElo "2371"]
[PlyCount "114"]
[EventDate "1999.??.??"]

1. e4 e5 2. Nc3 Nf6 3. Bc4 Nc6 4. d3 Bb4 5. a3 Bxc3+ 6. bxc3 d5 7. exd5 Nxd5 8.
Bxd5 Qxd5 9. Qf3 Qxf3 10. Nxf3 Bg4 11. h3 Bxf3 12. gxf3 f5 13. Rg1 Kf7 14. Rb1
Rab8 15. Bb2 b5 16. Bc1 Rhd8 17. f4 e4 18. d4 Rd5 19. Rg5 Rbd8 20. Be3 Na5 21.
Ke2 Nc4 22. Rbg1 g6 23. h4 Nxa3 24. h5 gxh5 25. Rg7+ Kf6 26. Rxh7 R5d7 27. Rh6+
Ke7 28. Rxh5 Rf8 29. Rh7+ Kd8 30. Rxd7+ Kxd7 31. Kd2 Rf7 32. Rg5 Nb1+ 33. Kc1
Nxc3 34. Kd2 Nd5 35. c3 a5 36. Rg6 c6 37. Rg5 a4 38. Rg1 Kc7 39. Ra1 Nb6 40.
Kc2 Nc4 41. Ra2 Rh7 42. Kd1 Rh1+ 43. Kc2 Rf1 44. d5 cxd5 45. Bd4 Kc6 46. Be3
Nxe3+ 47. fxe3 Rf3 48. Kb1 Rxe3 49. Rd2 Rxc3 50. Kb2 b4 51. Rc2 Rxc2+ 52. Kxc2
b3+ 53. Kb2 d4 54. Ka3 e3 55. Kb4 b2 56. Kxa4 b1=Q 57. Ka5 57... Qb5# {
strooier checkmated} 0-1

[Event "ICS rated blitz match"]
[Site "204.178.125.65"]
[Date "1999.10.30"]
[Round "?"]
[White "cipolletti"]
[Black "Hossa"]
[Result "1-0"]
[WhiteElo "2225"]
[BlackElo "2394"]
[PlyCount "57"]
[EventDate "1999.??.??"]

1. d4 d5 2. Nf3 Bd7 3. Bf4 e6 4. e3 c5 5. c3 Be7 6. Nbd2 Nf6 7. Bd3 cxd4 8.
exd4 O-O 9. O-O Nc6 10. Re1 Rc8 11. Ne5 Be8 12. Qf3 Qb6 13. Rab1 Qa5 14. a3 Qa4
15. Qh3 h6 16. Re3 Nxe5 17. Bxe5 Bb5 18. b3 Qa5 19. Bc2 Qxa3 20. Rg3 Kh8 21.
Bf4 Bd6 22. Bxh6 Bxg3 23. Bg5+ Kg8 24. Bxf6 Bh4 25. Qxh4 Bd3 26. Bxd3 Qc1+ 27.
Rxc1 Rfe8 28. Qh7+ Kf8 29. Qxg7# {Hossa checkmated} 1-0

[Event "ICS rated blitz match"]
[Site "204.178.125.65"]
[Date "1999.10.30"]
[Round "?"]
[White "Hossa"]
[Black "wadie"]
[Result "1-0"]
[WhiteElo "2371"]
[BlackElo "2000"]
[PlyCount "33"]
[EventDate "1999.??.??"]

1. d4 e5 2. dxe5 Nc6 3. Nf3 d6 4. e4 dxe5 5. Qxd8+ Kxd8 6. Bb5 f6 7. Bxc6 bxc6
8. Be3 Ba6 9. Nbd2 Bd6 10. Nb3 Ne7 11. Nc5 Bc8 12. Rd1 Rb8 13. Nd3 a6 14. c4
Bb4+ 15. Nxb4+ Ke8 16. Bc5 Kf7 17. Bxe7 {wadie resigns} 1-0

[Event "ICS rated blitz match"]
[Site "204.178.125.65"]
[Date "1999.10.30"]
[Round "?"]
[White "Hossa"]
[Black "k64"]
[Result "1-0"]
[WhiteElo "2377"]
[BlackElo "2106"]
[PlyCount "78"]
[EventDate "1999.??.??"]

1. d4 g6 2. e4 Bg7 3. Nc3 d6 4. Nf3 Bg4 5. Bb5+ c6 6. Be2 Nf6 7. h3 Bxf3 8.
Bxf3 e5 9. dxe5 dxe5 10. Qxd8+ Kxd8 11. Be3 Nbd7 12. O-O-O Kc7 13. g4 h6 14.
Be2 Rhd8 15. Bc4 Rf8 16. Bb3 b6 17. f4 Ne8 18. Rh2 exf4 19. Bxf4+ Ne5 20. Rhd2
Kb7 21. Bxe5 Bxe5 22. Rd7+ Nc7 23. Bxf7 g5 24. Ne2 b5 25. Nd4 Rad8 26. Ne6 Rxd7
27. Rxd7 Rc8 28. Nd8+ Kb6 29. Bg6 Na6 30. Rb7+ Kc5 31. Ne6+ Kd6 32. Rxa7 Kxe6
33. Bf5+ Kd6 34. Bxc8 Nc5 35. Bf5 Ne6 36. Rh7 Nd4 37. Rxh6+ Kc5 38. Bd7 Bf4+
39. Kd1 39... b4 {k64 resigns} 1-0

[Event "ICS rated blitz match"]
[Site "204.178.125.65"]
[Date "1999.10.30"]
[Round "?"]
[White "Hossa"]
[Black "tictacs"]
[Result "1-0"]
[WhiteElo "2388"]
[BlackElo "1642"]
[PlyCount "55"]
[EventDate "1999.??.??"]

1. d4 d5 2. c4 c6 3. Nf3 Nf6 4. Nc3 e6 5. Bg5 dxc4 6. e4 b5 7. e5 h6 8. Bh4 g5
9. Nxg5 hxg5 10. Bxg5 Nbd7 11. exf6 Qa5 12. a4 b4 13. Ne4 Nb6 14. Bf4 Ba6 15.
Bc7 Rc8 16. Bxb6 axb6 17. Nd2 c3 18. Nb3 Bxf1 19. Nxa5 Bxg2 20. Rg1 cxb2 21.
Rb1 Be4 22. Nc4 Bxb1 23. Qxb1 b5 24. Nxb2 bxa4 25. Nxa4 Rxh2 26. Qc2 c5 27. Nb6
Rc7 28. Qa4+ {tictacs resigns} 1-0

[Event "ICS rated blitz match"]
[Site "204.178.125.65"]
[Date "1999.10.30"]
[Round "?"]
[White "tictacs"]
[Black "Hossa"]
[Result "0-1"]
[WhiteElo "1642"]
[BlackElo "2388"]
[PlyCount "50"]
[EventDate "1999.??.??"]

1. d4 d5 2. Nf3 c6 3. c4 Nf6 4. cxd5 cxd5 5. Nc3 Nc6 6. a3 Bf5 7. Bf4 e6 8. h3
Ne4 9. e3 Qa5 10. Qc1 Nxc3 11. bxc3 Rc8 12. Be2 Nd8 13. Kd2 Be7 14. Bd3 Bxd3
15. Kxd3 O-O 16. Qb2 Qa6+ 17. Kd2 f6 18. Rhc1 Rc4 19. Ne1 e5 20. Bg3 e4 21. Nc2
Ne6 22. Nb4 Qb5 23. a4 Rxb4 24. cxb4 Bxb4+ 25. Kd1 25... Qd3+ {tictacs resigns}
0-1

[Event "ICS rated blitz match"]
[Site "204.178.125.65"]
[Date "1999.10.30"]
[Round "?"]
[White "Hossa"]
[Black "delegado"]
[Result "1/2-1/2"]
[WhiteElo "2392"]
[BlackElo "2041"]
[PlyCount "81"]
[EventDate "1999.??.??"]

1. d4 Nf6 2. Bg5 e6 3. e3 c5 4. Nf3 Qb6 5. b3 Ne4 6. c3 Nxg5 7. Nxg5 cxd4 8.
exd4 Be7 9. Qh5 Bxg5 10. Qxg5 O-O 11. Bd3 Nc6 12. Nd2 f5 13. Nc4 Qc7 14. O-O b5
15. Ne5 Nxe5 16. dxe5 Qxe5 17. Rac1 Bb7 18. Rfe1 Qd5 19. Red1 Rf6 20. Be2 Qc6
21. Bh5 Raf8 22. Re1 Rh6 23. Bf3 Qc7 24. Bxb7 Qxb7 25. Qe7 Rg6 26. g3 Rgf6 27.
Rcd1 R6f7 28. Qd6 f4 29. Rd2 fxg3 30. hxg3 Qf3 31. Re3 Qf5 32. f4 Qg4 33. Rf2
h5 34. Rff3 h4 35. Rd3 hxg3 36. Rxg3 Qe2 37. Rd4 Qe1+ 38. Kg2 Qe2+ 39. Kg1 Qe1+
40. Kg2 Qe2+ 41. Kg1 {Game drawn by repetition} 1/2-1/2

[Event "ICS rated blitz match"]
[Site "204.178.125.65"]
[Date "1999.10.30"]
[Round "?"]
[White "delegado"]
[Black "Hossa"]
[Result "0-1"]
[WhiteElo "2053"]
[BlackElo "2380"]
[PlyCount "68"]
[EventDate "1999.??.??"]

1. e4 e5 2. Nf3 Nc6 3. Bc4 Nf6 4. O-O Bc5 5. c3 Nxe4 6. d4 d5 7. Bb5 exd4 8.
cxd4 Bd6 9. Nc3 O-O 10. Nxd5 Bxh2+ 11. Nxh2 Qxd5 12. Bxc6 Qxc6 13. Be3 Qg6 14.
Qf3 Qf5 15. Rac1 c6 16. Qd1 Be6 17. b3 Rfe8 18. Nf3 Qh5 19. Ne5 Qh4 20. Nf3 Qg4
21. Ne5 Qxd1 22. Rfxd1 Re7 23. Nd3 Rae8 24. Nc5 Bd5 25. Nxe4 Rxe4 26. Rc5 f5
27. g3 g5 28. Rcc1 f4 29. gxf4 gxf4 30. Bd2 Rxd4 31. Bc3 Rxd1+ 32. Rxd1 Re2 33.
Rd2 Re1+ 34. Kh2 34... Rh1# {delegado checkmated} 0-1

[Event "ICS Rated blitz match"]
[Site "204.178.125.65"]
[Date "1999.10.30"]
[Round "?"]
[White "Hossa"]
[Black "kelebek"]
[Result "1-0"]
[WhiteElo "2388"]
[BlackElo "2124"]
[PlyCount "37"]
[EventDate "1999.??.??"]

1. e4 e5 2. Nf3 Nc6 3. Bb5 d6 4. d4 exd4 5. Nxd4 Bd7 6. Be3 Nxd4 7. Bxd7+ Qxd7
8. Bxd4 Nf6 9. Bxf6 gxf6 10. Nc3 f5 11. Qd5 fxe4 12. Qxb7 Qd8 13. Qc6+ Ke7 14.
Nd5+ Ke6 15. Nxc7+ Kf5 16. Qd5+ Kf4 17. g3+ Kf3 18. Kf1 Qd7 19. Qd1# {
kelebek checkmated} 1-0

[Event "ICS rated blitz match"]
[Site "204.178.125.65"]
[Date "1999.10.30"]
[Round "?"]
[White "kelebek"]
[Black "Hossa"]
[Result "0-1"]
[WhiteElo "2118"]
[BlackElo "2394"]
[PlyCount "72"]
[EventDate "1999.??.??"]

1. e4 e5 2. Nf3 Nc6 3. Bb5 d6 4. d4 exd4 5. Nxd4 Bd7 6. Bxc6 bxc6 7. Nc3 Nf6 8.
O-O Be7 9. Bg5 O-O 10. Re1 Rb8 11. b3 Re8 12. Qf3 a6 13. Rad1 Qc8 14. h3 Bd8
15. e5 dxe5 16. Nxc6 e4 17. Nxe4 Bxc6 18. Bxf6 Bxe4 19. Rxd8 Rxd8 20. Bxd8 f5
21. Qc3 Qxd8 22. f3 Bd5 23. Qd3 Bf7 24. Qxf5 Qd4+ 25. Kh1 Rf8 26. Qg5 Qf2 27.
Re7 Qxc2 28. Qe5 Qxa2 29. Qxc7 Qxb3 30. Qa7 Qb1+ 31. Kh2 Qb8+ 32. Kg1 Qxa7+ 33.
Rxa7 Bc4 34. Kf2 h6 35. g4 Rf7 36. Ke3 36... Rxa7 {kelebek resigns} 0-1

[Event "ICS rated blitz match"]
[Site "204.178.125.65"]
[Date "1999.10.30"]
[Round "?"]
[White "Hossa"]
[Black "Talmoves"]
[Result "1/2-1/2"]
[WhiteElo "2399"]
[BlackElo "2794"]
[PlyCount "115"]
[EventDate "1999.??.??"]

1. d4 d5 2. c4 e6 3. Nc3 Nf6 4. Bg5 Be7 5. e3 O-O 6. Nf3 h6 7. Bh4 b6 8. Be2
Bb7 9. cxd5 Nxd5 10. Nxd5 Bxd5 11. Bxe7 Qxe7 12. O-O Nd7 13. Qd3 c5 14. e4 Bb7
15. Rac1 Rfd8 16. Rfd1 cxd4 17. Rc7 Qd6 18. Rdc1 Qf4 19. g3 Qxe4 20. Qxe4 Bxe4
21. Nxd4 Nf6 22. Rd1 Ne8 23. Rcc1 Rac8 24. Rxc8 Rxc8 25. f3 Bd5 26. a4 Kf8 27.
b4 Rc3 28. a5 bxa5 29. bxa5 Ra3 30. a6 Ra2 31. Rc1 e5 32. Nc2 e4 33. fxe4 Bxe4
34. Nd4 Rd2 35. Rd1 Rxd1+ 36. Bxd1 Nc7 37. Be2 Ke7 38. Kf2 f5 39. Ke3 Kf6 40.
Bc4 Ke5 41. h4 g5 42. hxg5 hxg5 43. Ne2 Nd5+ 44. Bxd5 Bxd5 45. Kd3 Bg2 46. Kc3
Bf1 47. Nd4 Ke4 48. Ne6 Kf3 49. Nxg5+ Kxg3 50. Kb4 Bxa6 51. Ne6 Kf2 52. Nd4 f4
53. Ne6 f3 54. Ng5 Kf1 55. Nxf3 Kf2 56. Ne5 Ke2 57. Nc6 Kd2 58. Nxa7 {
Game drawn because neither player has mating material} 1/2-1/2

[Event "ICS rated blitz match"]
[Site "204.178.125.65"]
[Date "1999.10.31"]
[Round "?"]
[White "ljb"]
[Black "Hossa"]
[Result "0-1"]
[WhiteElo "2307"]
[BlackElo "2417"]
[PlyCount "60"]
[EventDate "1999.??.??"]

1. e4 e5 2. Nf3 Nc6 3. d3 Nf6 4. Nc3 Bb4 5. Bg5 h6 6. Bh4 d5 7. Bxf6 gxf6 8.
exd5 Qxd5 9. Be2 Rg8 10. O-O Bxc3 11. bxc3 Bh3 12. g3 Bxf1 13. Qxf1 Qa5 14. Rb1
O-O-O 15. Qh3+ Rd7 16. Qxh6 Qxc3 17. Qc1 Nd8 18. Rb3 Qc6 19. Nd2 Qe6 20. Bf1
Qf5 21. Bg2 Qg5 22. Qe1 Rh8 23. Ne4 Qh6 24. h4 b6 25. Nc3 Kb8 26. Qe4 c6 27.
Qe2 Rc7 28. a4 Ne6 29. a5 Nd4 30. axb6 30... Nxe2+ {ljb resigns} 0-1

[Event "ICS rated blitz match"]
[Site "204.178.125.65"]
[Date "1999.10.31"]
[Round "?"]
[White "Hossa"]
[Black "ljb"]
[Result "1-0"]
[WhiteElo "2438"]
[BlackElo "2267"]
[PlyCount "55"]
[EventDate "1999.??.??"]

1. d4 e6 2. Nf3 d5 3. e3 Nf6 4. Nbd2 c6 5. Bd3 Be7 6. e4 b6 7. e5 Nfd7 8. O-O
c5 9. Re1 c4 10. Nxc4 O-O 11. Nd6 Bxd6 12. exd6 Nc6 13. c3 Bb7 14. b3 h6 15.
Ba3 a6 16. Qc2 b5 17. Rad1 Qa5 18. Bc1 Rfc8 19. Bd2 Qa3 20. Bh7+ Kf8 21. Bf4
Nb4 22. Qd2 Nc6 23. Ne5 Nf6 24. Bb1 g5 25. Bxg5 hxg5 26. Qxg5 Nxe5 27. dxe5 Nd7
28. Bh7 {ljb resigns} 1-0

[Event "ICS rated blitz match"]
[Site "204.178.125.65"]
[Date "1999.10.31"]
[Round "?"]
[White "ljb"]
[Black "Hossa"]
[Result "0-1"]
[WhiteElo "2258"]
[BlackElo "2447"]
[PlyCount "84"]
[EventDate "1999.??.??"]

1. e4 e5 2. Nf3 Nc6 3. d3 Nf6 4. Be2 d5 5. exd5 Nxd5 6. O-O Be7 7. Bd2 O-O 8.
Nc3 Be6 9. Re1 Bf5 10. Nxd5 Qxd5 11. Bc3 Rad8 12. Nd2 Nd4 13. Bxd4 Qxd4 14. Rb1
Bc5 15. Rf1 Qf4 16. Bf3 Bb4 17. Ne4 Be6 18. a3 Be7 19. Qd2 Qxd2 20. Nxd2 c6 21.
Rfe1 f6 22. g3 g5 23. Bg2 Rd7 24. h3 Rfd8 25. Nf1 h5 26. Ne3 Kg7 27. Be4 Bxh3
28. Bf5 Bxf5 29. Nxf5+ Kg6 30. Ne3 Bd6 31. Kg2 b5 32. f3 h4 33. g4 a5 34. Nf5
Bc5 35. Rbd1 Bd4 36. c3 Ba7 37. Re4 Kf7 38. d4 c5 39. Nh6+ Kg6 40. Nf5 cxd4 41.
cxd4 Bxd4 42. Ne7+ 42... Rxe7 {ljb resigns} 0-1

[Event "ICS rated blitz match"]
[Site "204.178.125.65"]
[Date "1999.10.31"]
[Round "?"]
[White "Hossa"]
[Black "ljb"]
[Result "1-0"]
[WhiteElo "2455"]
[BlackElo "2250"]
[PlyCount "36"]
[EventDate "1999.??.??"]

1. d4 e6 2. Nf3 d5 3. e3 Nf6 4. Nbd2 Be7 5. c4 c6 6. Bd3 O-O 7. O-O a6 8. b3 b5
9. a4 b4 10. e4 a5 11. e5 Ne8 12. Qc2 h6 13. cxd5 cxd5 14. Bb2 Nd7 15. Rfc1 Bb7
16. Qd1 f5 17. Bb5 Kh7 18. Bc6 18... Qb6 {ljb resigns} 1-0

[Event "ICS rated blitz match"]
[Site "204.178.125.65"]
[Date "1999.10.31"]
[Round "?"]
[White "Hossa"]
[Black "ljb"]
[Result "1/2-1/2"]
[WhiteElo "2470"]
[BlackElo "2235"]
[PlyCount "125"]
[EventDate "1999.??.??"]

1. d4 d5 2. c4 e6 3. Nc3 Nf6 4. Bg5 Be7 5. e3 O-O 6. Nf3 c6 7. Bd3 h6 8. Bh4
Nbd7 9. O-O a6 10. Re1 b5 11. cxd5 cxd5 12. Qb3 Nb6 13. a3 Nc4 14. Rac1 Bd7 15.
e4 dxe4 16. Nxe4 Nxe4 17. Bxe4 Ra7 18. Bxe7 Qxe7 19. Bd5 Nb6 20. Rc5 Nxd5 21.
Qxd5 Rc8 22. Qh5 Rxc5 23. Qxc5 Qxc5 24. dxc5 Bc6 25. Ne5 Bd5 26. Rd1 Kf8 27.
Ng4 Ke7 28. Ne3 Bc6 29. Rd6 Rc7 30. b4 Bb7 31. Kf1 Rc6 32. Rxc6 Bxc6 33. h4 g6
34. Ng4 h5 35. Ne5 Bd5 36. c6 Kd6 37. Nxf7+ Kxc6 38. Ne5+ Kb6 39. Nxg6 a5 40.
Nf4 Bc4+ 41. Kg1 Kc6 42. bxa5 Kb7 43. Nxh5 Ka6 44. Nf4 e5 45. Ng6 Kxa5 46. h5
Bd3 47. Nxe5 Bh7 48. Nd7 Ka4 49. Nf6 Bc2 50. h6 Kxa3 51. h7 Bxh7 52. Nxh7 b4
53. Nf6 b3 54. Ne4 b2 55. Nd2 Kb4 56. g4 Kc3 57. Nb1+ Kc2 58. Na3+ Kb3 59. Nb1
Kc2 60. Na3+ Kb3 61. Nb1 Kc2 62. Na3+ Kb3 63. Nb1 {Game drawn by repetition}
1/2-1/2